Tajemství kavárny na pobřeží /

Laskavý román o naději, lásce a zázracích všedních dnů, kde každá ulička malého pobřežního města skrývá své tajemství.

Uloženo v:
Série:Magické momenty, část 5
Hlavní autor: Webber, Heather S. (Autor)
Další autoři: Čechová, Sabina (Autor)
Médium: Kniha
Jazyk:Czech
Vydáno: V Brně : Jota, 2026
Vydání:Vydání první
Témata:
Celkem bylo vypůjčeno:1x
Příbuzné jednotky:Z cyklu:: Magické momenty
Tagy:
Žádné tagy
LEADER 02672nam a2200433 i 4500
001 106287
003 CZ PrNK
005 20260511110730.0
007 ta
008 260417s2026 xr g 000 f cze
015 |a cnb003751601 
020 |a 9788076897779  |q (brožováno) 
040 |a ABG001  |b cze  |e rda 
041 1 |a cze  |h eng 
072 7 |a 821.111(73)-3  |x Americká próza  |2 Konspekt  |9 25 
080 |a 821.111(73)-31  |2 MRF 
080 |a (0:82-31)-055.2  |2 MRF 
100 1 |a Webber, Heather S.  |7 xx0319340  |4 aut  |9 115483 
240 1 0 |a At the coffee shop of curiosities.  |l Česky 
245 1 0 |a Tajemství kavárny na pobřeží /  |c Heather Webberová ; překlad Sabina Čechová 
250 |a Vydání první 
264 1 |a V Brně :  |b Jota,  |c 2026 
300 |a 315 stran ;  |c 21 cm 
336 |a text  |b txt  |2 rdacontent 
337 |a bez média  |b n  |2 rdamedia 
338 |a svazek  |b nc  |2 rdacarrier 
500 |a Přeloženo z angličtiny 
520 2 |a Laskavý román o naději, lásce a zázracích všedních dnů, kde každá ulička malého pobřežního města skrývá své tajemství.  |b Když Ava Harrisonová obdrží měsíc po smrti svého expřítele dopis s neobvyklou pracovní nabídkou, má pocit, jako by ji pronásledoval jeho duch. Zvláštní inzerát na místo domácí ošetřovatelky v alabamském Driftwoodu jí nabízí jedinečnou možnost začít nový život. Ačkoliv měla Ava vždy hrůzu z cestování, všechny překvapí rozhodnutím odhodit strach a vydat se do dalekého přímořského městečka. Maggie Mae Brightwellová, na první pohled energická majitelka kavárny Magpie´s – driftwoodského podniku spojujícího voňavou kávu a svět kuriozit –, dokáže propojit staré s novým takovým způsobem, že vytváří téměř hmatatelnou magii. Pod veselou maskou však skrývá bolest. Ava a Maggie brzy zjistí, že je pojí víc, než by čekaly – obě pronásledují výčitky a tíha nenaplněných možností. Aby našly svou vlastní cestu, musí se naučit zapomenout na minulost a vykročit vpřed. Nakladatelská anotace. Kráceno. 
655 7 |a americké romány  |7 fd131796  |2 czenas  |9 53403 
655 7 |a romány pro ženy  |7 fd187897  |2 czenas  |9 115 
655 9 |a American fiction  |2 eczenas 
655 9 |a women's novels  |2 eczenas 
700 1 |a Čechová, Sabina  |7 xx0080642  |4 trl  |9 10569 
710 2 |a Nakladatelství Jota  |7 kn20120920011  |4 pbl  |9 117217 
787 0 8 |i Z cyklu:  |t Magické momenty  |g 5 
910 |a UOG502 
942 |2 ddc  |c KN 
999 |d 106287 
993 |0 0  |1 421180107011  |2 ddc  |4 0  |7 0  |9 99654  |b 0  |c 107011  |d 2026-05-11  |e 1  |f DOSP  |h 398.00  |i Koupě  |l DOSP  |q 2026-06-23  |r 2026-05-12  |s 2026-05-12  |t 6  |w 2026-05-11  |y KN  |z BELET  |n